| 000 | 01010nam a2200253u 4500 | ||
|---|---|---|---|
| 999 |
_c28743 _d28743 |
||
| 001 | 6617852 | ||
| 003 | BDDh-ASL | ||
| 005 | 20231015030950.0 | ||
| 008 | 830331m19669999ii abh 000 0 eng | ||
| 010 | _asa 68012435 | ||
| 040 |
_aDLC _cCarP _dDLC _dBDDh-ASL |
||
| 043 | _aa-ii--- | ||
| 050 | 0 | 0 |
_aDS462 _b.S25 |
| 082 |
_a954 _bPER |
||
| 100 | 1 | _aSaran, Parmatma. [from old catalog] | |
| 245 | 1 | 0 | _aPersian documents; being letters, newsletters, and kindred documents pertaining to the several states existing in India in the last quarter of the 18th century, from the Oriental collection of the National Archives of India. |
| 260 |
_aBombay, _aNew York, _bAsia Pub. House _c[1966-] |
||
| 300 |
_billus., facsims., fold. maps. _c25 cm. |
||
| 651 | 0 |
_aIndia _xHistory _y18th century _xSources. [from old catalog] |
|
| 710 | 1 |
_aIndia (Republic) _kNational Archives. [from old catalog] |
|
| 740 | _aFārsī akhbārāt o marāslāt. | ||
| 906 |
_a0 _bcbc _cpremunv _du _encip _f19 _gy-gencatlg |
||
| 942 |
_2ddc _cBK |
||